Statistiche per Paesi del Sud America con mappa

Clicka qui per fare il quiz!

Statistiche generali

  • Questo quiz è stato fatto 9.011 volte
  • Il punteggio medio è 11 su 12

Risposte nella Mappa

Le risposte nella mappa del quiz sottostante sono codificate secondo una scala di colori dal rosso al verde in base alla % di persone che hanno risposto correttamente.
 

Statistiche sulle risposte

Paesi% Corretto
Argentina
99%
Brasile
98%
Cile
96%
Peru
93%
Colombia
92%
Uruguay
92%
Paraguay
91%
Venezuela
90%
Bolivia
89%
Ecuador
84%
Guyana
73%
Suriname
71%

Distribuzione punteggi

Percentile per numero di risposta

Percentuale di utenti per punteggio

I tuoi punteggi nel tempo

Non hai fatto questo quiz